| 000 | 01522cam a22003857a 4500 | ||
|---|---|---|---|
| 001 | 17503596 | ||
| 005 | 20170105102856.0 | ||
| 008 | 120911s2012 enkb b 001 0 eng d | ||
| 010 | _a 2012451492 | ||
| 015 |
_aGBB247911 _2bnb |
||
| 016 | 7 |
_a016087132 _2Uk |
|
| 020 | _a9781846140884 (hbk.) | ||
| 020 | _a1846140889 (hbk.) | ||
| 020 | _a9781846146718 (ebook) | ||
| 020 | _a1846146712 (ebook) | ||
| 035 | _a(OCoLC)ocn794136966 | ||
| 040 |
_aUKMGB _beng _cUKMGB _dYDXCP _dOCLCO _dYNK _dCDX _dNZUPM _dNDD _dTOH _dNGU _dVP@ _dDLC |
||
| 042 | _alccopycat | ||
| 050 | 0 | 0 |
_aDA16 _b.D34 2012 |
| 082 | 0 | 4 |
_a909.0971241 _223 |
| 100 | 1 | _aDarwin, John. | |
| 245 | 1 | 0 |
_aUnfinished empire : _bthe global expansion of Britain / _cJohn Darwin. |
| 260 |
_aLondon : _bAllen Lane, _c2012. |
||
| 300 |
_axiv, 478 p. : _bmaps ; _c24 cm. |
||
| 504 | _aIncludes bibliographical references and index. | ||
| 505 | 0 | _aImagining empire -- Making contact -- Taking possession -- Settling in -- Resorting to war -- Traffic and trade -- Ruling methods -- Acts of rebellion -- Converts and cultures -- Defending empire -- Ending empire -- The last and largest empire? | |
| 650 | 7 |
_aHistory _2eflch |
|
| 651 | 0 |
_aGreat Britain _xColonies _xHistory. |
|
| 651 | 0 |
_aGreat Britain _xHistory _y18th century. |
|
| 651 | 0 |
_aGreat Britain _xHistory _y19th century. |
|
| 651 | 0 |
_aCommonwealth countries _xHistory. |
|
| 906 |
_a7 _bcbc _ccopycat _d2 _encip _f20 _gy-gencatlg |
||
| 942 |
_2ddc _cBK |
||
| 999 |
_c14476 _d14476 |
||